Paris Saint-Germain - Quiz - Statistiques

Statistiques générales
  • Ce quiz a été pris 799 fois
  • Le résultat moyen est 11 sur 18
Statistiques - réponses
Indice Réponse % Correct
Nom du Stade Parc des Princes
98%
2 Kylian Mbappé
97%
Meilleur buteur du club Edinson Cavani
93%
3 Edinson Cavani
93%
1 Neymar
93%
Année de création du PSG 1970
68%
Entraîneur actuel Thomas Tuchel
64%
4 Angel Di Maria
61%
5 David Luiz
56%
2 David Luiz
56%
Nom du centre d'entraînement du PSG le Camp des Loges
50%
Nom du président du club Nasser al-Khelaïfi
46%
5 Blaise Matuidi
41%
1 Gonçalo Guedes
39%
4 Lucas Moura
39%
5 Serge Aurier
33%
3 Ronaldinho
21%
Joueur le plus capé Jean-Marc Pilorget
16%
Aucun quiz correspondant
Distribution des résultats
% des personnes avec chaque résultat
Percentile par nombre de réponses
Votre historique - résultats
Vous n’avez pas pris ce quiz